ANNI DI PIOMBO (Record n. 105260)

Dettagli MARC
000 -LEADER
fixed length control field 02240agaaa2200337 4500
001 - CONTROL NUMBER
control field 8117
003 - CONTROL NUMBER IDENTIFIER
control field IT-RoPAU
005 - DATE AND TIME OF LATEST TRANSACTION
control field 20220918181230.0
007 - PHYSICAL DESCRIPTION FIXED FIELD--GENERAL INFORMATION
fixed length control field d cvaizq
008 - FIXED-LENGTH DATA ELEMENTS--GENERAL INFORMATION
fixed length control field 50131s9999||||xx ||| | || ||und||
040 ## - CATALOGING SOURCE
Original cataloging agency IT-RoPAU
Transcribing agency IT-RoPAU
041 ## - LANGUAGE CODE
Language code of text/sound track or separate title ITALIANO
100 ## - MAIN ENTRY--PERSONAL NAME
Personal name Von Trotta Margarethe
Miscellaneous information Codice regista SPICS: 13333
9 (RLIN) 40401
130 ## - MAIN ENTRY--UNIFORM TITLE
Uniform title ANNI DI PIOMBO
9 (RLIN) 40402
240 ## - UNIFORM TITLE
Uniform title BLEIERNE ZEIT (DIE)
Miscellaneous information T2177
245 ## - TITLE STATEMENT
Title ANNI DI PIOMBO
Statement of responsibility, etc. Prodotto da: Junkersdorf Eberhard -- Sceneggiatura: Von Trotta Margarethe -- Diretto da: Von Trotta Margarethe
Name of part/section of a work ANNI DI PIOMBO (Rif. Codice opera principale : H8117)
246 ## - VARYING FORM OF TITLE
Title proper/short title BLEIERNE ZEIT (DIE)
250 ## - EDITION STATEMENT
Edition statement Edizione Standard
260 ## - PUBLICATION, DISTRIBUTION, ETC. (IMPRINT)
Place of publication, distribution, etc. (GERMANIA)
Name of publisher, distributor, etc. BIOSKOP FILM / Distribuzione: MULTIMEDIA SAN PAOLO
Date of manufacture "1981 (1° ed.: 2008 ; Ed. Lingua Orig.: 1981)"
300 ## - PHYSICAL DESCRIPTION
Extent DVD
Other physical details sonoro, col.
Dimensions 106 minuti
508 ## - CREATION/PRODUCTION CREDITS NOTE
Creation/production credits note "Fotografia: Rath Franz; Montaggio: Hirtz Dagmar; Musica: Economou Nicolas; Sceneggiatura: Von Trotta Margarethe; Scenografia: Klot Barbara; "
511 ## - PARTICIPANT OR PERFORMER NOTE
Participant or performer note "Sukova Barbara; Vogler Rudiger; Anna Steinmann; Lampe Jutta; Bondy Luc; Czenki Margit"
520 ## - SUMMARY, ETC.
Summary, etc. "JULIANE E MARIANNE KLEIN SONO FIGLIE D'UN SEVERO PASTORE PROTESTANTE. JULIANE LAVORA IN UN GIORNALE FEMMINISTA E FA POLITICA; MARIANNE INVECE SI UNISCE AD UN GRUPPO TERRORISTICO ED ENTRA IN CLANDESTINITA'DOPO QUALCHE ANNO MARIANNE VIENE ARRESTATA E POCO DOPO MUORE. SUICIDA, DICONO LE AUTORITA' CARCERARIE. JULIANE NON CI CREDE E DIMOSTRA CHE LA SORELLA E' STATA UCCISA. OFFRE IL MATERIALE A UN GIORNALE MA SI SENTE DIRE CHE QUEI TEMI SONO SUPERATI DA ALTRI EVENTI. TORNA A CASA E DECIDE DI OCCUPARSI DEL FIGLIO DI MARIANNE,UN ORFANO CHE LA SOCIETA' HA GIA' SOTTOPOSTO A MOLTE PROVE. LEONE D'ORO ALLA MOSTRA DEL CINEMA DI VENEZIA 1981; DAVID DI DONATELLO MIGLIOR REGISTA STRANIERO 1982. TERRORISMO."
538 ## - SYSTEM DETAILS NOTE
System details note PAL, STEREO
546 ## - LANGUAGE NOTE
Language note ITALIANO
650 ## - SUBJECT ADDED ENTRY--TOPICAL TERM
Topical term or geographic name as entry element DRAMMATICO
Relator term DVD-FILM [DVD]
General subdivision Codice MATERIA SPICS: 9947
9 (RLIN) 40403
700 ## - ADDED ENTRY--PERSONAL NAME
Personal name Economou Nicolas
Relator term (musica)
Miscellaneous information Codice Musica SPICS: 7345
9 (RLIN) 40404
700 ## - ADDED ENTRY--PERSONAL NAME
Personal name Von Trotta Margarethe
Relator term (regista)
Miscellaneous information Codice regista SPICS: 13333
9 (RLIN) 40405
700 ## - ADDED ENTRY--PERSONAL NAME
Personal name Von Trotta Margarethe
Relator term (soggetto)
Miscellaneous information Codice Soggetto SPICS: 13333
9 (RLIN) 40406
942 ## - ADDED ENTRY ELEMENTS (KOHA)
Koha item type DVD
Source of classification or shelving scheme Dewey Decimal Classification
Dati di copia
Withdrawn status Lost status Damaged status Not for loan Home library Current library Date acquired Total Checkouts Full call number Date last seen Price effective from Koha item type Public note
    Buone Condizioni Not For Loan SPICS-MEDIATECA SPICS-MEDIATECA 31/01/2015   H8117 31/01/2015 31/01/2015 DVD Progr. Ins.: 3675 / N.Vol.:1 / Copie: 1 / Pag.:0 / Copia rara: n.d. / date import: 1.2.2015 / By Epidotti, Trombetti, Vaglietti
CREDITS: SOCIETA' SAN PAOLO Via A.Severo, 58 - ROMA (RM) & PERIODICI SAN PAOLO SRL Via Giotto, 36 MILANO & CISF Via Giotto, 36 MILANO & EDIZIONI SAN PAOLO SRL,  Piazza Soncino, 5 CINISELLO BALSAMO (MI) -- ITALY